Catálogo

TECNICAS DEL AUTOMOVIL : (Registro nro. 49878)

Detalles MARC
000 -LEADER
fixed length control field 00898nam a2200193 a 4500
001 - CONTROL NUMBER
control field 49878
005 - DATE AND TIME OF LATEST TRANSACTION
control field 20180714034736.0
008 - FIXED-LENGTH DATA ELEMENTS--GENERAL INFORMATION
fixed length control field 140415s2004 sp 000 0 spa d
020 ## - INTERNATIONAL STANDARD BOOK NUMBER
International Standard Book Number 8497322738
041 ## - LANGUAGE CODE
Language code of text/sound track or separate title spa
082 ## - DEWEY DECIMAL CLASSIFICATION NUMBER
Classification number 629.254
Item number ALO
100 1# - MAIN ENTRY--PERSONAL NAME
Personal name ALONSO, JOSE MANUEL
245 10 - TITLE STATEMENT
Title TECNICAS DEL AUTOMOVIL :
Remainder of title EQUIPO ELECTRICO
250 ## - EDITION STATEMENT
Edition statement 1a ed.
260 ## - PUBLICATION, DISTRIBUTION, ETC.
Place of publication, distribution, etc. ESPAÑA :
Name of publisher, distributor, etc. COMISION NACIONAL DE LOS DERECHOS HUMANOS,
Date of publication, distribution, etc. 2004
300 ## - PHYSICAL DESCRIPTION
Extent 294
Dimensions 19 x 2.9 x 25.8
490 ## - SERIES STATEMENT
Series statement ELECTROMECANICA DE VEHICULOS
520 ## - SUMMARY, ETC.
Summary, etc. EN ESTE LIBRO SE DESCRIBEN TODOS LOS COMPONENTES DEL EQUIPO ELÉCTRICO DE UN AUTOMOVIL MODERNO, BRINDANDO A LECTOR IGUALMENTE LOS PRINCIPIOS BASICOS DE LA ELECTRONICA, TAN DECISIVA HOY EN LA APLICACION DE LOS NUMEROSOS COMPONENTES QUE ABARCA EL EQUIPO ELECTRICO DE UN AUTOMOVIL. CADA CAPITULO INCLUYE UN CUADRO SINOPTICO PARA LA LOCALIZACION DE AVERIAS.
Existencias
Withdrawn status Lost status Source of classification or shelving scheme Damaged status Not for loan Collection code Home library Current library Shelving location Date acquired Source of acquisition Inventory number Total Checkouts Total Renewals Full call number Barcode Date last seen Date last checked out Price effective from Koha item type
    Dewey Decimal Classification     General Biblioteca Karol Wojtyla Biblioteca Karol Wojtyla Sala general 03/12/2013 Compra 151000000000000000012449 4 2 629.254 ALO 74511 28/01/2026 20/08/2024 03/12/2013 Libro